000 01311cam a22003377a 4500
003 CHAP
005 20220817042758.0
008 971013s1961 r 00010 d
010 _a55308
011 _a56280
035 _a60433
040 _cCHAP
082 _a633.61
_bS38
100 0 0 _aSaucedo Portales, Rubén.
_9102726
245 1 3 _aEl análisis foliar como guía y control de la fertilización de la caña de azúcar
260 _aCosamaloapan Ver. :
_bInstituto Tecnológico Azucarero Veracruzano,
_c1961
300 _a49 p.
_b: ilus.
590 _aBATCH-UPD
_b10
_c20130110
_lUCH01
_h0644
590 _aBATCH-UPD
_b10
_c20130410
_lUCH01
_h0328
590 _aBATCH-UPD
_b10
_c20130914
_lUCH01
_h0836
590 _aCONVERSION
_b10
_c20130109
_lUCH01
_h1330
650 1 4 _aCaña de azúcar.
650 1 4 _aDiagnóstico foliar.
_932394
650 1 4 _aFertilizantes
_xEfecto en caña de azúcar.
711 0 2 _aReunión de Consultores y Técnicos del Instituto Tecnológico Azucarero Veracruzano (
_n5 :
_d1961:
_cCasamaloapan, Ver.)
_996288
901 _aBK
942 _cLIBRO
949 _a633.61 S38
_bBC
_cLIBRO
_d-130281
_eLIBRO
_fc.3
_h23003
_i60433
_si
949 _a633.61 S38
_bBC
_cLIBRO
_d33724000196234
_eLIBRO
_h32495
_i60433
_si
949 _a633.61 S38
_bBC
_cLIBRO
_d33724000788956
_eLIBRO
_fc.2
_h32496
_i60433
_si
999 _c55308
_d55308